00769nam a22002057a 4500003000400000005001700004008004100021020001800062040002900080050002300109100002700132245003300159260004300192300004800235650005300283700002700336942001500363952016800378999001700546OSt20260609120651.0260609b |||||||| |||| 00| 0 eng d a1-323-40424-4 cChuka University Library aQA 152.3 .A45 2015 aAngel R. Allen 927867 aAlgebra For College Students aNew York bPearson Education Ltdc2015 avii, 732PbIllustrations, Preface and Index aIntermediate Algebra For College Students927868 aRunde C. Dennis927869 2lcccBKn0 00102lcc40708LGLaCHKbCHKcGENd2025-07-10eDonation From Books For Africag8398.03l0oQA 152.3 .A45 2015p33449/2026r2026-06-09 12:13:47t1w2026-06-09yBK c23620d23620